Влияние импульсного электрического разряда на нефтесодержащие водные растворы; Менделеев-2012

Bibliographische Detailangaben
Parent link:Менделеев-2012.— 2012.— [С. 267-269]
1. Verfasser: Грязнова Е. Н. Елена Николаевна
Weitere Verfasser: Шиян Л. Н. Людмила Николаевна (научный руководитель)
Zusammenfassung:Заглавие с экрана
Sprache:Russisch
Veröffentlicht: 2012
Schriftenreihe:Физическая химия
Schlagworte:
Online-Zugang:http://mendeleev-spbu.org/Mendeleev2012_fizicheskaya_himiya.pdf#page=267
Format: Elektronisch Buchkapitel
KOHA link:https://koha.lib.tpu.ru/cgi-bin/koha/opac-detail.pl?biblionumber=636690

MARC

LEADER 00000naa0a2200000 4500
001 636690
005 20250919165017.0
035 |a (RuTPU)RU\TPU\network\731 
090 |a 636690 
100 |a 20140304d2012 k||y0rusy50 ca 
101 0 |a rus 
102 |a RU 
135 |a drnn ---uucaa 
181 0 |a i  
182 0 |a b 
200 1 |a Влияние импульсного электрического разряда на нефтесодержащие водные растворы  |f Е. Н. Грязнова  |g науч. рук. Л. Н. Шиян 
203 |a Текст  |c электронный 
225 1 |a Физическая химия 
300 |a Заглавие с экрана 
320 |a [Библиогр.: с. 269 (5 назв.)] 
463 1 |t Менделеев-2012  |o XI Всероссийская конференция молодых учёных, аспирантов и студентов с международным участием  |o тезисы докладов  |v [С. 267-269]  |d 2012 
610 1 |a электронный ресурс 
610 1 |a труды учёных ТПУ 
610 1 |a электрический разряд 
610 1 |a водные растворы 
610 1 |a нефтепродукты 
700 1 |a Грязнова  |b Е. Н.  |c химик-технолог  |c инженер-исследователь Томского политехнического университета  |f 1987-  |g Елена Николаевна  |3 (RuTPU)RU\TPU\pers\30190 
702 1 |a Шиян  |b Л. Н.  |c химик  |c доцент Томского политехнического университета, кандидат физико-математических наук  |f 1952-  |g Людмила Николаевна  |3 (RuTPU)RU\TPU\pers\25655  |4 727 
801 2 |a RU  |b 63413507  |c 20140304  |g RCR 
856 4 |u http://mendeleev-spbu.org/Mendeleev2012_fizicheskaya_himiya.pdf#page=267 
942 |c CF